000 00278nam a22001337a 4500
008 170425b xxu||||| |||| 00| 0 eng d
020 _a9780130840905
041 _aeng
080 _28TH
_a54
100 _a12
101 _aSHM
245 _aCHEMISTRY
_cBROWN
942 _2udc
_cBK
999 _c11898
_d11898